000
00336nam a22001457a 4500
999
_c
55047
_d
55047
008
200205b ||||| |||| 00| 0 eng d
020
_a
9780802067722
041
_a
eng
080
_2
320
_a
320
082
_a
320
100
_a
20
101
_a
SHP
245
_a
Culture-Communication & National Identity
_c
Collins,R
942
_2
udc
_c
BK